Informe sobre las ciencias sociales en México / (Record no. 110665)
[ view plain ]
| 000 -CABECERA | |
|---|---|
| campo de control de longitud fija | 01142nam a2200337 a 4500 |
| 001 - NÚMERO DE CONTROL | |
| campo de control | 000114204 |
| 003 - IDENTIFICADOR DEL NÚMERO DE CONTROL | |
| campo de control | CHAP |
| 005 - FECHA Y HORA DE LA ÚLTIMA TRANSACCIÓN | |
| campo de control | 20220329144431.0 |
| 008 - DATOS DE LONGITUD FIJA--INFORMACIÓN GENERAL | |
| campo de control de longitud fija | 171117s2015 mx | |r| |||0|||spa d |
| 010 ## - NÚMERO DE CONTROL DE LA BIBLIOTECA DEL CONGRESO | |
| Número de control de LC | 110665 |
| 011 ## - ENLACE DEL NUMERO DE CONTROL DE LA BIBLIOTECA DEL CONGRESO [OBSOLETO] | |
| Número de control de LC | 111637 |
| 020 ## - NÚMERO INTERNACIONAL ESTÁNDAR DEL LIBRO | |
| Número Internacional Estándar del Libro | 9780692626276 |
| 040 ## - FUENTE DE LA CATALOGACIÓN | |
| Centro/agencia transcriptor | CHAP |
| 082 #4 - NÚMERO DE LA CLASIFICACIÓN DECIMAL DEWEY | |
| Número de clasificación | 370.71240972 |
| Número de documento/Ítem | M76 |
| 245 #0 - MENCIÓN DE TÍTULO | |
| Título | Informe sobre las ciencias sociales en México / |
| Mención de responsabilidad, etc. | coordinado por Oscar F. Contreras Montellano y Cristina Púga Espínoza. |
| 260 ## - PUBLICACIÓN, DISTRIBUCIÓN, ETC. | |
| Lugar de publicación, distribución, etc. | México : |
| Nombre del editor, distribuidor, etc. | Los Reyes, |
| Fecha de publicación, distribución, etc. | 2015. |
| 300 ## - DESCRIPCIÓN FÍSICA | |
| Extensión | 304p. : |
| Otras características físicas | cuadros y gráficas. |
| 590 ## - NOTA LOCAL (RLIN) | |
| Nota local | E6339RRR |
| Procedencia (VM) [OBSOLETO] | 05 |
| Condición del los carretes individuales (VM) [OBSOLETO] | 20171117 |
| -- | UCH01 |
| -- | 1213 |
| 590 ## - NOTA LOCAL (RLIN) | |
| Nota local | E6339RRR |
| Procedencia (VM) [OBSOLETO] | 05 |
| Condición del los carretes individuales (VM) [OBSOLETO] | 20171117 |
| -- | UCH01 |
| -- | 1319 |
| 590 ## - NOTA LOCAL (RLIN) | |
| Nota local | E6339RRR |
| Procedencia (VM) [OBSOLETO] | 05 |
| Condición del los carretes individuales (VM) [OBSOLETO] | 20171117 |
| -- | UCH01 |
| -- | 1336 |
| 590 ## - NOTA LOCAL (RLIN) | |
| Nota local | E6339RRR |
| Procedencia (VM) [OBSOLETO] | 05 |
| Condición del los carretes individuales (VM) [OBSOLETO] | 20171117 |
| -- | UCH01 |
| -- | 1408 |
| 650 14 - PUNTO DE ACCESO ADICIONAL DE MATERIA--TÉRMINO DE MATERIA | |
| Término de materia o nombre geográfico como elemento de entrada | Ciencias sociales |
| Subdivisión general | Estadísticas. |
| 9 (RLIN) | 23221 |
| 650 14 - PUNTO DE ACCESO ADICIONAL DE MATERIA--TÉRMINO DE MATERIA | |
| Término de materia o nombre geográfico como elemento de entrada | Maestros |
| Subdivisión general | Educación superior |
| -- | Capacitación. |
| 9 (RLIN) | 132114 |
| 650 14 - PUNTO DE ACCESO ADICIONAL DE MATERIA--TÉRMINO DE MATERIA | |
| Término de materia o nombre geográfico como elemento de entrada | Maestros |
| Subdivisión general | Formación de. |
| 9 (RLIN) | 69756 |
| 650 14 - PUNTO DE ACCESO ADICIONAL DE MATERIA--TÉRMINO DE MATERIA | |
| Término de materia o nombre geográfico como elemento de entrada | Maestros |
| Subdivisión geográfica | México. |
| 9 (RLIN) | 69759 |
| 700 1# - PUNTO DE ACCESO ADICIONAL--NOMBRE DE PERSONA | |
| Nombre de persona | Contreras Montellano, Oscar F. |
| Término indicativo de función/relación | coord. |
| 9 (RLIN) | 134110 |
| 700 1# - PUNTO DE ACCESO ADICIONAL--NOMBRE DE PERSONA | |
| Nombre de persona | Puga Espinoza, Cristina |
| Término indicativo de función/relación | coord. |
| 9 (RLIN) | 134111 |
| 901 ## - ELEMENTOS DE DATOS A LOCAL LDA (RLIN) | |
| a | BK |
| 942 ## - ELEMENTOS DE PUNTO DE ACCESO ADICIONAL (KOHA) | |
| Tipo de ítem Koha | Libro |
| 942 ## - ELEMENTOS DE PUNTO DE ACCESO ADICIONAL (KOHA) | |
| Suprimir en OPAC | 0 |
| Estado de retiro | Estado de pérdida | Fuente del sistema de clasificación o colocación | Estado dañado | Restricciones de uso | No para préstamo | Código de colección | Localización permanente | Ubicación/localización actual | Ubicación en estantería | Fecha de adquisición | Información codificada de la localización en otra ubicación | Total de préstamos | Signatura topográfica completa | Código de barras | Fecha visto por última vez | Número de copia | Precio válido a partir de | Tipo de ítem Koha |
|---|---|---|---|---|---|---|---|---|---|---|---|---|---|---|---|---|---|---|
| Dewey Decimal Classification | Préstamo 15 días | General | Biblioteca Central | Biblioteca Central | Planta alta - Colección General | 17/11/2017 | LIBRO | 370.71240972 M76 | 33724002528363 | 31/12/2019 | c.2 | 31/12/2019 | Libro | |||||
| Dewey Decimal Classification | Préstamo 15 días | General | Biblioteca Central | Biblioteca Central | Planta alta - Colección General | 17/11/2017 | LIBRO | 370.71240972 M76 | 33724002528405 | 31/12/2019 | 31/12/2019 | Libro |
